[Event "ROM-ch"]
[Site "Eforie Nord"]
[Date "2022.02.20"]
[Round "1"]
[White "Popescu, Daniel Vasilica"]
[Black "Istratescu, Andrei"]
[Result "0-1"]
[WhiteElo "2064"]
[BlackElo "2470"]
[PlyCount "69"]
[EventDate "2022.02.20"]
[EventType "swiss"]
[EventRounds "9"]
[EventCountry "ROU"]
[SourceTitle "CBM 207 Extra"]
[Source "ChessBase"]
[SourceDate "2022.05.31"]
[SourceVersion "1"]
[SourceVersionDate "2022.05.31"]
[SourceQuality "1"]

1. e4 c5 2. Nf3 Nc6 3. d4 cxd4 4. Nxd4 Nf6 5. Nc3 d6 6. g3 g6 7. Bg2 Bd7 8. 0-0 Bg7 9. Re1 0-0 10. Nb3 Rb8 11. h3 b5 12. Nd5 Ne5 13. Kh2 Nc4 14. c3 a5 15. Nd2 Nb6 16. Nf1 Re8 17. Nfe3 Nfxd5 18. exd5 b4 19. cxb4 axb4 20. Ng4 Bxg4 21. Qxg4 Na4 22. Re2 Qa5 23. Qc4 Bf6 24. Rb1 Rec8 25. Qb3 Nc5 26. Qc4 Ne6 27. Qd3 Nd4 28. Re4 Qxa2 29. Bh6 Rc2 30. Rxd4 Qxb1 31. Rc4 Rxb2 32. Qe3 Qf5 33. Qc1 Rxf2 34. Qe3 Rxg2+ 35. Kxg2 0-1

[Event "ROM-chT"]
[Site "Mamaia"]
[Date "2021.10.06"]
[Round "6.2"]
[White "Popescu, Daniel Vasilica"]
[Black "Voiteanu, Christian Gabriel"]
[Result "1-0"]
[WhiteElo "2081"]
[BlackElo "2136"]
[PlyCount "143"]
[EventDate "2021.10.02"]
[EventType "team-tourn"]
[EventRounds "11"]
[EventCountry "ROU"]
[SourceTitle "CBM 204 Extra"]
[Source "ChessBase"]
[SourceDate "2021.11.30"]
[SourceVersion "1"]
[SourceVersionDate "2021.11.30"]
[SourceQuality "1"]
[WhiteTeam "Buzau Phoenix"]
[BlackTeam "Targoviste"]
[WhiteTeamCountry "ROU"]
[BlackTeamCountry "ROU"]

1. e4 e5 2. Nf3 Nc6 3. Bc4 Bc5 4. c3 Nf6 5. d3 0-0 6. 0-0 d5 7. exd5 Nxd5 8. Re1 Nb6 9. Bb3 Qf6 10. Nbd2 Bd6 11. Ne4 Qg6 12. Bg5 Bg4 13. h3 Bxf3 14. Qxf3 Kh8 15. Rad1 f5 16. Nxd6 cxd6 17. Bc1 Rad8 18. Be3 Nd7 19. Bd5 Rc8 20. Kh2 Nf6 21. Bb3 Rcd8 22. Ba4 Rc8 23. Bc1 Rfe8 24. Qg3 Qxg3+ 25. Kxg3 d5 26. Bg5 f4+ 27. Kh2 h6 28. Bxf6 gxf6 29. f3 Rg8 30. d4 exd4 31. Bxc6 bxc6 32. Rxd4 Rge8 33. Rxe8+ Rxe8 34. Rxf4 Kg7 35. Ra4 Re7 36. Ra6 Rc7 37. g4 h5 38. Kg3 hxg4 39. fxg4 Kg6 40. Kf4 Rh7 41. Rxc6 Rxh3 42. Ra6 Rh2 43. b4 Rh3 44. Rc6 Rh2 45. a4 a5 46. Rc5 d4 47. bxa5 d3 48. Ke3 Rg2 49. Kxd3 Rxg4 50. Rc8 Rxa4 51. Ra8 f5 52. a6 Ra1 53. a7 Kg7 54. Kd4 Ra4+ 55. c4 f4 56. Kd3 Ra3+ 57. Ke2 Re3+ 58. Kf2 Re7 59. Rg8+ Kxg8 60. a8Q+ Kf7 61. c5 Rc7 62. Qd5+ Ke8 63. Kf3 Rd7 64. Qh5+ Kd8 65. Kxf4 Kc7 66. Qg6 Rd2 67. Qb6+ Kc8 68. Ke4 Rd8 69. Qa6+ Kc7 70. Qa7+ Kc8 71. c6 Re8+ 72. Kd5 1-0

[Event "ROM-chT"]
[Site "Baile Govora"]
[Date "2017.11.18"]
[Round "8.3"]
[White "Manolache, Marius"]
[Black "Popescu, Daniel Vasilica"]
[Result "1-0"]
[WhiteElo "2492"]
[BlackElo "2099"]
[PlyCount "65"]
[EventDate "2017.11.11"]
[EventType "team-tourn"]
[EventRounds "9"]
[EventCountry "ROU"]
[SourceTitle "CBM 181 Extra"]
[Source "ChessBase"]
[SourceDate "2017.12.12"]
[SourceVersion "1"]
[SourceVersionDate "2017.12.12"]
[SourceQuality "1"]
[WhiteTeam "Timisoara Medicina"]
[BlackTeam "Buzau Phoenix"]
[WhiteTeamCountry "ROU"]
[BlackTeamCountry "ROU"]

1. d4 f5 2. Nc3 Nf6 3. Bg5 g6 4. Qd2 d6 5. Nh3 Be6 6. Qe3 Kd7 7. Bxf6 exf6 8. g3 Bf7 9. Bg2 c6 10. d5 Qb6 11. Qd3 Na6 12. 0-0 c5 13. a3 Re8 14. e4 fxe4 15. Nxe4 Bg7 16. Nf4 Kc7 17. Nd2 Kb8 18. Nc4 Qc7 19. Ne6 Bxe6 20. dxe6 Rd8 21. Rfe1 Rhe8 22. Rad1 Bf8 23. Qb3 Be7 24. Qb5 d5 25. Bxd5 h6 26. Rd3 g5 27. Red1 h5 28. Rb3 Nb4 29. axb4 cxb4 30. Rbd3 a6 31. Qb6 Qxb6 32. Nxb6 Kc7 33. Nd7 1-0

[Event "ROM-chT"]
[Site "Baile Govora"]
[Date "2017.11.14"]
[Round "4.5"]
[White "Popescu, Daniel Vasilica"]
[Black "Nanu, Ciprian Costica"]
[Result "0-1"]
[WhiteElo "2099"]
[BlackElo "2515"]
[PlyCount "74"]
[EventDate "2017.11.11"]
[EventType "team-tourn"]
[EventRounds "9"]
[EventCountry "ROU"]
[SourceTitle "CBM 181 Extra"]
[Source "ChessBase"]
[SourceDate "2017.12.12"]
[SourceVersion "1"]
[SourceVersionDate "2017.12.12"]
[SourceQuality "1"]
[WhiteTeam "Buzau Phoenix"]
[BlackTeam "Iasi Politehnica"]
[WhiteTeamCountry "ROU"]
[BlackTeamCountry "ROU"]

1. e4 c5 2. Nf3 Nf6 3. Nc3 Nc6 4. d4 d5 5. exd5 Nxd5 6. Nxd5 Qxd5 7. Be3 cxd4 8. Nxd4 a6 9. Be2 e5 10. Nxc6 Qxc6 11. Qd3 Be6 12. Bf3 Qc7 13. Qe4 0-0-0 14. 0-0 f5 15. Qa4 Bd6 16. g3 Qc4 17. Qa5 e4 18. Bg2 Bc7 19. Qa3 h6 20. Rfd1 g5 21. Bf1 Qc6 22. Bd4 Rhe8 23. c4 f4 24. b4 Bxc4 25. Rac1 b5 26. Qc3 e3 27. fxe3 fxe3 28. Bg2 Qd7 29. Qa3 a5 30. bxa5 e2 31. a6 exd1Q+ 32. Rxd1 Bb6 33. a7 Qxd4+ 34. Rxd4 Bxd4+ 35. Kh1 Re1+ 36. Bf1 Bd5+ 37. Qf3 Bxf3# 0-1

[Event "ROM-chT"]
[Site "Baile Govora"]
[Date "2017.11.13"]
[Round "3.1"]
[White "Popescu, Daniel Vasilica"]
[Black "Nita, Lucian"]
[Result "1-0"]
[WhiteElo "2099"]
[BlackElo "2190"]
[PlyCount "98"]
[EventDate "2017.11.11"]
[EventType "team-tourn"]
[EventRounds "9"]
[EventCountry "ROU"]
[SourceTitle "CBM 181 Extra"]
[Source "ChessBase"]
[SourceDate "2017.12.12"]
[SourceVersion "1"]
[SourceVersionDate "2017.12.12"]
[SourceQuality "1"]
[WhiteTeam "Buzau Phoenix"]
[BlackTeam "Targoviste"]
[WhiteTeamCountry "ROU"]
[BlackTeamCountry "ROU"]

1. e4 d6 2. d4 Nf6 3. Nc3 e5 4. Nf3 Nbd7 5. Bc4 Be7 6. 0-0 c6 7. a4 a5 8. h3 h6 9. Re1 Qc7 10. Ba2 g5 11. dxe5 dxe5 12. Qe2 Nf8 13. Be3 Ng6 14. Rad1 g4 15. hxg4 Bxg4 16. Qc4 Be6 17. Nd5 Qb8 18. Nxf6+ Bxf6 19. Qd3 Bxa2 20. b3 Qc8 21. Ra1 Qg4 22. Nh2 Qe6 23. Rxa2 Rd8 24. Qe2 h5 25. Raa1 Rg8 26. Kh1 Rh8 27. Rad1 Ra8 28. Rd3 Be7 29. Red1 f6 30. Nf1 h4 31. Nh2 Nf8 32. Qg4 Kf7 33. Qxe6+ Kxe6 34. Ng4 f5 35. exf5+ Kxf5 36. f3 Ng6 37. Nf2 b5 38. Ne4 Rhb8 39. Nd6+ Ke6 40. Ne4 bxa4 41. bxa4 Rb4 42. Rd7 Rc4 43. Ng5+ Kf5 44. R1d6 Rc3 45. Bd2 Rxc2 46. Ne4 Bxd6 47. Rxd6 Rf8 48. Rd7 Ra8 49. Rd6 Rc4 1-0

[Event "ROM-ch"]
[Site "Sarata Monteoru"]
[Date "2012.02.21"]
[Round "11"]
[White "Popescu, Daniel Vasilica"]
[Black "Posedaru, Bogdan Stefan"]
[Result "0-1"]
[WhiteElo "2069"]
[BlackElo "2337"]
[PlyCount "86"]
[EventDate "2012.02.13"]
[EventType "swiss"]
[EventRounds "11"]
[EventCountry "ROU"]
[SourceTitle "CBM 147 Extra"]
[Source "ChessBase"]
[SourceDate "2012.04.24"]
[SourceVersion "1"]
[SourceVersionDate "2012.04.24"]
[SourceQuality "1"]

1. e4 c5 2. Nc3 Nc6 3. g3 g6 4. Bg2 Bg7 5. d3 d6 6. f4 e5 7. Nf3 Nge7 8. 0-0 0-0 9. Nd5 exf4 10. Nxf4 b5 11. c3 Rb8 12. Be3 b4 13. d4 bxc3 14. bxc3 Qa5 15. Qc2 cxd4 16. cxd4 Ba6 17. Rfd1 Rfc8 18. Qf2 Nb4 19. Rab1 Qa4 20. Ng5 Qc2 21. Qf3 Nxa2 22. Rxb8 Rxb8 23. h3 Nc3 24. Rd2 Qb1+ 25. Kh2 Rf8 26. h4 h6 27. Ngh3 Bb7 28. Nf2 a5 29. g4 a4 30. g5 a3 31. gxh6 Bxh6 32. Nh5 Bxe3 33. Qxe3 gxh5 34. Qxc3 a2 35. Rd1 Rc8 36. Qa1 Qc2 37. Nd3 Bxe4 38. Rg1 Bxd3 39. Kh1 Bg6 40. d5 Qb1 41. Bh3 Qxa1 42. Rxa1 Ra8 43. Bf1 Bb1 0-1

[Event "ROM-ch"]
[Site "Sarata Monteoru"]
[Date "2012.02.19"]
[Round "9"]
[White "Mirauta, Stefano Marius"]
[Black "Popescu, Daniel Vasilica"]
[Result "0-1"]
[WhiteElo "1823"]
[BlackElo "2069"]
[PlyCount "64"]
[EventDate "2012.02.13"]
[EventType "swiss"]
[EventRounds "11"]
[EventCountry "ROU"]
[SourceTitle "CBM 147 Extra"]
[Source "ChessBase"]
[SourceDate "2012.04.24"]
[SourceVersion "1"]
[SourceVersionDate "2012.04.24"]
[SourceQuality "1"]

1. e4 c5 2. c3 e6 3. d4 cxd4 4. cxd4 d5 5. e5 Nc6 6. Nc3 Nge7 7. Nf3 a6 8. Bd3 b5 9. 0-0 Ng6 10. Be3 Be7 11. a4 b4 12. Ne2 Bb7 13. Nf4 Nxf4 14. Bxf4 Qb6 15. b3 Rc8 16. Rc1 h6 17. Bb1 g5 18. Be3 Kd7 19. h3 Rcg8 20. Ne1 h5 21. Nd3 g4 22. Kh1 Ke8 23. Nc5 gxh3 24. gxh3 Bxc5 25. dxc5 Qc7 26. Bd4 Qe7 27. Bb2 Qh4 28. Qf3 d4 29. Kh2 Nxe5 30. Qxb7 Ng4+ 31. Kg2 Nxf2+ 32. Kf3 Qg3+ 0-1

[Event "ROM-ch"]
[Site "Sarata Monteoru"]
[Date "2012.02.18"]
[Round "8"]
[White "Popescu, Daniel Vasilica"]
[Black "Bratu, Gheorghe"]
[Result "1-0"]
[WhiteElo "2069"]
[BlackElo "1876"]
[PlyCount "89"]
[EventDate "2012.02.13"]
[EventType "swiss"]
[EventRounds "11"]
[EventCountry "ROU"]
[SourceTitle "CBM 147 Extra"]
[Source "ChessBase"]
[SourceDate "2012.04.24"]
[SourceVersion "1"]
[SourceVersionDate "2012.04.24"]
[SourceQuality "1"]

1. e4 e5 2. Bc4 Nf6 3. Nf3 Nxe4 4. Nc3 Nxc3 5. dxc3 f6 6. 0-0 Qe7 7. Re1 d6 8. Nh4 g6 9. f4 Nc6 10. f5 Qg7 11. Qf3 Bd7 12. b4 g5 13. Qh5+ Kd8 14. Qf3 gxh4 15. Re4 h5 16. Rxh4 Rb8 17. Rxh5 Rxh5 18. Qxh5 Ne7 19. Be3 Bc6 20. g4 b6 21. Kf2 Nd5 22. Bd2 b5 23. Bb3 Nb6 24. Rg1 Kc8 25. h4 Kb7 26. g5 Be7 27. g6 Rh8 28. Qg4 Nd5 29. Bxd5 Bxd5 30. h5 Rh6 31. a4 c6 32. axb5 cxb5 33. Kg3 Bf8 34. Rd1 Bc4 35. Be3 d5 36. Ra1 Ka8 37. Rxa7+ Qxa7 38. Bxa7 Kxa7 39. g7 Bxg7 40. Qxg7+ Kb6 41. Qxh6 e4 42. Qxf6+ Kc7 43. h6 e3 44. Qe5+ Kd7 45. Qxe3 1-0

[Event "ROM-ch"]
[Site "Sarata Monteoru"]
[Date "2012.02.14"]
[Round "2"]
[White "Popescu, Daniel Vasilica"]
[Black "Stanciu, Alexandru Ovidiu"]
[Result "0-1"]
[WhiteElo "2069"]
[BlackElo "2314"]
[PlyCount "80"]
[EventDate "2012.02.13"]
[EventType "swiss"]
[EventRounds "11"]
[EventCountry "ROU"]
[SourceTitle "CBM 147 Extra"]
[Source "ChessBase"]
[SourceDate "2012.04.24"]
[SourceVersion "1"]
[SourceVersionDate "2012.04.24"]
[SourceQuality "1"]

1. e4 c6 2. d4 d5 3. Nc3 dxe4 4. Nxe4 Nf6 5. Ng3 h5 6. h4 Bg4 7. Be2 Nbd7 8. Nf3 e6 9. Ng5 Be7 10. c3 Qc7 11. Bd2 c5 12. Qb3 Bxe2 13. Nxe2 Qc6 14. 0-0-0 c4 15. Qc2 Nb6 16. Rde1 Rd8 17. Nf4 Rd6 18. Re2 Qa4 19. Qb1 Nbd5 20. Rhe1 Nxf4 21. Bxf4 Ra6 22. a3 Rf8 23. Be5 Qb5 24. Bxf6 gxf6 25. Nf3 Rg8 26. g3 Rg7 27. Qe4 Rd6 28. Qc2 Kf8 29. Nd2 Kg8 30. Ne4 Rd5 31. Rg1 Rg6 32. f3 f5 33. Nf2 Bxh4 34. Nh3 Bxg3 35. Reg2 h4 36. Qd2 e5 37. Re2 exd4 38. Nf4 dxc3 39. Nxd5 cxd2+ 40. Rxd2 Kg7 0-1